000 00457nam a2200181Ia 4500
008 231221s9999 xx 000 0 und d
020 _a9790000000000
041 _aEnglish
082 _a001.6424ORA SHA;1
100 _aShah, Sharanam. Shah, Vaishali.
245 0 _aOracle for professionals
250 _a1st ed.
260 _c2008
_bShroff
_aMumbai
300 _axxxii, 1341+55
300 _c57167
650 _aOracle,professionals
942 _cCD
999 _c210419
_d210419